| 000 | 01404nam0a22002411 4500 | ||
|---|---|---|---|
| 001 | rc\695112 | ||
| 005 | 20031121170331.7 | ||
| 035 | _a(NLR Aleph) 005931561 | ||
| 090 |
_a6583870 _c6583870 |
||
| 100 | _a20031121d1985 u |0rusy50 ca | ||
| 101 | 0 | _arus | |
| 102 | _aRU | ||
| 105 | _aa ||||||||| | ||
| 200 | 1 |
_aБанановый корабль в сиреневом тумане, и другое - с мягким прибалтийским акцентом _e[Сборник _eПер. с эст.] _fУно Лахт _g[Ил. Х. Валк] |
|
| 210 |
_aТаллин _cЭэсти раамат _d1985 |
||
| 215 |
_a206 с. _cил. _d24 |
||
| 327 | 0 | _aСодерж.: Под сенью лип "Арагви"; Мы, суперзвезды с чухонским уклоном...; Боевое крещение; На голом берегу; Цветы на могилу китайцев; Отцовские письма; Банановый корабль в сиреневом тумане; Письма в редакцию, с пронзительной грустью; Вариации для хорошо темперированного клавира; Ликвидация борделя, и др. произведения | |
| 700 | 1 |
_aЛахт _bУ. Э. _f1924- _gУно Эдуардович |
|
| 801 | 0 |
_aRU _bNLR _gpsbo |
|
| 801 | 1 |
_aRU _bELAR _2rusmarc |
|
| 852 |
_aNLR _j85-7/1527 |
||
| 942 | _cBOOK | ||
| 980 | _aNB | ||